Paris géographie - Monuments #3 - Statistiques

Statistiques générales
  • Ce quiz a été pris 87 fois
  • Le résultat moyen est 9 sur 16
Statistiques - réponses
Par images Réponse % Correct
Tour Eiffel
96%
Basilique du Sacré-Coeur de Montmartre
95%
Tour Montparnasse
83%
Cimetière du Père-Lachaise
71%
Gare du Nord
68%
Gare de l'Est
64%
Gare Saint-Lazare
64%
Gare de Lyon
63%
Eglise de la Madeleine
51%
Gare d'Austerlitz
49%
Bibliothèque François-Mitterand
42%
Tour Saint-Jacques
32%
Chapelle de la Sorbonne
28%
Eglise Saint-Sulpice
26%
Abbaye de Saint-Germain-des-Prés
19%
Bibliothèque Richelieu
4%
Aucun quiz correspondant
Distribution des résultats
% des personnes avec chaque résultat
Percentile par nombre de réponses
Votre historique - résultats
Vous n’avez pas pris ce quiz